| 000 | 01246nam a2200325Ia 4500 | ||
|---|---|---|---|
| 003 | OSt | ||
| 005 | 20200805200430.0 | ||
| 008 | 191128s2009 ck fr 000 0 spa d | ||
| 020 |
_a9789587830217 _qv. 1 |
||
| 020 |
_a9789587380897 _qv. 2 |
||
| 040 |
_aCO-JMCR _cCO-JMCR |
||
| 041 | 0 | _aspa | |
| 082 | 0 | 4 |
_a343.091 / _bM321d _223 |
| 100 | 1 |
_aMarcou, Gérar, _edirector _98469 |
|
| 245 | 1 | 0 |
_aDerecho de la regulación, los servicios públicos y la integración regional / _cbajo la dirección de Gérard Marcou y Franck Moderne ; editora de la colección, Myriam Salcedo Castro |
| 260 |
_aBogotá : _bUniversidad del Rosario, _c2009 |
||
| 300 |
_a2 volúmenes ; _c24 cm. |
||
| 490 | 0 | _aColección cuestiones de derecho comparado | |
| 504 | _aIncluye bibliografía al final de cada capítulo. | ||
| 505 | 2 |
_gVolumen 1 _tcomparaciones y comentarios. |
|
| 650 | 1 | 4 |
_aDerecho comparado _92139 |
| 650 | 1 | 4 |
_aDerecho de la regulación _98470 |
| 650 | 1 | 4 |
_aRegulación de servicios públicos _98471 |
| 650 | 1 | 4 |
_aRegulación económica _95713 |
| 650 | 2 | 4 |
_aServicios públicos _98472 |
| 650 | 2 | 4 |
_aIntegración regional _93984 |
| 700 | 1 |
_aModerne, Franck, _eautor _98473 |
|
| 700 | 1 |
_aSalcedo, Myriam, _eeditora _98474 |
|
| 942 |
_2ddc _cBK |
||
| 999 |
_c5910 _d5910 |
||